| 000 | 00709nam a2200253Ia 4500 | ||
|---|---|---|---|
| 003 | OSt | ||
| 005 | 20220928131151.0 | ||
| 006 | a|||||r|||| 00| 0 | ||
| 007 | ta | ||
| 008 | 220927b |||||||| |||| 00| 0 eng d | ||
| 020 | _c195 | ||
| 024 | _a117178 | ||
| 037 |
_b185, 20/09/2012, Classic Book Service _cTextual |
||
| 040 |
_aSDCL _cSDCL _beng |
||
| 041 |
_2eng _aeng |
||
| 082 | _aV2:2'P, Q2 | ||
| 100 |
_aKhosla Madhav _9404527 |
||
| 245 | 0 | _aIndian constitution. | |
| 260 |
_aNew Delhi _bOUP _c2012 |
||
| 300 |
_axxiv,191p _ccm. |
||
| 650 | _aPolitical Science | ||
| 942 |
_hV2:2'P, Q2 _cTEXL _2CC |
||
| 999 |
_c789759 _d789759 |
||